Manual técnico para jefes de incendios forestales / (Registro nro. 2656)

Detalles MARC
000 -CABECERA
Campo de control 01492cam a2200265 a 4500
005 - FECHA Y HORA DE LA ULTIMA TRANSACCION
Campo de control 20161125084054.0
008 - ELEMENTOS DE LONGITUD FIJA—INFORMACION GENERAL
Campo de control 021119s2002 ck ad r 00010 spa d
040 ## - FUENTE DE CATALOGACIÓN
Agencia catalogadora original la
Agencia transcriptora la
Agencia Modificadora CO-BoIAVH
041 0# - IDIOMA
Código de idioma para texto/pista de sonido o título separado Español
044 ## - PAÍS DE PUBLICACIÓN
País de publicación Colombia
082 04 - NUMERO DE CLASIFICACION DECIMAL DEWEY
Número de clasificación 632.18
Número del ítem C71m
110 1# - ASIENTO PRINCIPAL--NOMBRE CORPORATIVO
Nombre corporativo o de jurisdicción como elemento de entrada Colombia.
Unidad subordinad Ministerio del Medio Ambiente.
-- Dirección General de Ecosistemas.
9 (RLIN) 67587
245 10 - MENCION DE TITULO
Título Manual técnico para jefes de incendios forestales /
Mención de responsabilidad Ministerio del Medio Ambiente. Dirección General de Ecosistemas ; colaboración Ministerio de Educación Nacional ... [et al.].
260 ## - PUBLICACION, DISTRIBUCION, ETC. (PIE DE IMPRENTA)
Lugar de publicación, distribución, etc. [Bogotá] :
Nombre del editor, distribuidor, etc. Ediciones Aeci Cooperación para el Desarrollo,
Fecha de publicación, distribución, etc. [2002?].
300 ## - DESCRIPCION FISICA
Extensión 92 páginas :
Otros detalles físicos ilustraciones y tablas ;
Dimensiones 24 x 17 centímetros
500 ## - NOTA GENERAL
Nota general Formulación y puesta en marcha de los programas nacionales de capacitación e información pública en prevención y mitigación de incendios forestales en Colombia.
500 ## - NOTA GENERAL
Nota general Glosario : páginas 85-88.
504 ## - NOTA DE BIBLIOGRAFIA, ETC.
Nota de bibliografía Incluye referencias bibliográficas.
650 16 - ASIENTO SECUNDARIO DE MATERIA - TERMINO TEMATICO
Término temático o nombre geográfico como elemento de entrada Incendios forestales
Subdivisión de forma Guías, manuales, etc.
Subdivisión geográfica Colombia.
9 (RLIN) 67588
650 26 - ASIENTO SECUNDARIO DE MATERIA - TERMINO TEMATICO
Término temático o nombre geográfico como elemento de entrada Prevención de incendios forestales.
Subdivisión de forma Guías, manuales, etc.
9 (RLIN) 67589
650 26 - ASIENTO SECUNDARIO DE MATERIA - TERMINO TEMATICO
Término temático o nombre geográfico como elemento de entrada Quema controlada
Subdivisión de forma Guías, manuales, etc.
9 (RLIN) 67590
740 02 - ASIENTO SECUNDARIO - TITULOS RELACIONADOS /ANALITICOS NO CONTROLADOS
Título relacionado o analítico no controlado Formulación y puesta en marcha de los programas nacionales de capacitación e información pública en prevención y mitigación de incendios forestales en Colombia.
710 1# - ASIENTO SECUNDARIO - NOMBRE CORPORATIVO
9 (RLIN) 6711
Nombre corporativo o de jurisdicción como elemento de entrada Colombia
Unidad subordinada Ministerio de Educación Nacional
942 ## - ELEMENTOS ADICIONALES (KOHA)
Sistema de clasificación Dewey Decimal Classification
Tipo de ítem Libro
Existencias
Withdrawn status Lost status Sistema de Clasificación Damaged status No para préstamo Colección Inventariado Ubicación Permanente Ubicación actual Fecha de adquisición Fuente de Valor Valor Total Checkouts Número topográfico Inventario / Código de Barras Date last seen Ejemplar Price effective from Forma de adquisición Tipo de material
    Dewey Decimal Classification     General Inventariado 2017 Bogotá Bogotá 07/06/2002 Instituto 50000.00   LB-632.18 C71m 003247 04/12/2012 Ej. 1 04/12/2012 Donación Libro